| 000 | 00470nam a22001697a 4500 | ||
|---|---|---|---|
| 003 | SGT | ||
| 020 | _a9781555819873 | ||
| 082 |
_a616.9 _bL18W |
||
| 100 | _aWALSH, THOMAS H. | ||
| 245 | _aLARONE'S MEDICALLY IMPORTANT FUNGI : A GUIDE TO IDENTIFICATION | ||
| 250 | _a6TH | ||
| 260 |
_aWASHINGTON _bASM PRESS PUB _c2018 |
||
| 300 | _a523 | ||
| 650 | _aGENERAL MEDICINE | ||
| 653 | _aLARONE'S MEDICALLY IMPORTANT FUNGI : A GUIDE TO IDENTIFICATION | ||
| 942 |
_2ddc _cBK |
||
| 999 |
_c23772 _d23772 |
||